000 00468nam a2200181Ia 4500
008 240925s9999 xx 000 0 und d
020 _a471638455
082 _a530 KEN
100 _aKane , Joseph .W; Sternheim ,Morton M.
245 0 _aPhysics
250 _a3rd
260 _aNew York:
_bJohn Wiley & Sons
_c,1988.
300 _aXIX,437p.
_bNA
_fOriginal
500 _aIncludes Index
600 _aHumanities & Natural Science
650 _aPhysics
942 _cBK
999 _c2618
_d2618